| 000 | 00736cam a22002291 4500 | ||
|---|---|---|---|
| 001 | ss 48000028 | ||
| 003 | DLC | ||
| 005 | 20260227112751.0 | ||
| 008 | 740111s1948 dcuaf b f000 0 eng | ||
| 010 | _ass 48000028 | ||
| 035 | _a(OCoLC)774787 | ||
| 040 |
_aDLC _cOClW-H _dOCoLC _dDLC |
||
| 050 | 0 | 0 |
_aRJ250 _b.D77 |
| 082 | _a618.6 | ||
| 100 | 1 |
_aDunham, Ethel C. _q(Ethel Collins), _d1883- |
|
| 245 | 1 | 0 |
_aPremature infants; _ba manual for physicians. |
| 260 |
_a[Washington, _bU.S. Govt. Print. Off., _c1948] |
||
| 300 |
_a401 p. _billus., plates. _c23 cm. |
||
| 410 | 1 | 0 |
_aUnited States. _bChildren's Bureau. Publication _vno. 325 |
| 500 | _a"References": p. 96-99, 342-362. | ||
| 650 | 0 |
_aPremature infants _vHandbooks, manuals, etc. |
|
| 999 |
_c90913 _d90913 |
||